000 00629cam a2200253 4500
008 090401t1998 xxu||||| |||| 00| 0 eng d
020 _a0471952389
035 _a(Sirsi) u80874
041 _aeng
050 _a346.4102
100 _aFurmston, Michael
245 _aContract formation and letters of intent.
260 _aChichester
_bJohn Wiley & Sons
_c1998
300 _axxxv,322p. ; 25cm.
350 _a65
650 _aCONTRACT LAW
650 _aContracts
_96232
650 _aLETTERS OF INTENT
690 _aLAW
700 _aNorisado, Takao
700 _aPoole, Jill
942 _n0
948 _c12/09/1997
999 _c96645
_d96645